| 000 | 00972cad a22002055a 4500 | ||
|---|---|---|---|
| 001 | L157018 | ||
| 008 | 120813e2012 xxk 000 0 eng d | ||
| 035 | _a(Sirsi) u157018 | ||
| 041 | 0 | _aeng | |
| 245 | 0 | 0 |
_aSolihull Metropolitan Borough Council v Hickin _h[electronic resource] |
| 260 | _c2012 | ||
| 520 | _a[2012] UKSC 39, 25 July 2012. Appeal against CA [2010 EWCA Civ 868] (L151183) decision on the grounds that the common law rights of the deceased tenant's husband who had not resided in the property since 1980 were displaced by the Housing Act 1985 statutory scheme. Appeal allowed: CA decision overturned, HC decision restored. | ||
| 590 | _aKA | ||
| 650 | 2 | 4 | _aSOLIHULL METROPOLITAN BOROUGH COUNCIL V HICKIN |
| 650 | 2 | 4 | _aHOUSING ACT 1985 PART IV |
| 651 | 4 | _aENGLAND AND WALES | |
| 690 |
_aLandlord and tenant _96252 |
||
| 856 | 4 | 0 |
_uhttps://www.supremecourt.gov.uk/docs/UKSC_2010_0239_ps.pdf _zView this item free of charge at www.bailii.org |
| 942 | _n0 | ||
| 999 |
_c84238 _d84238 |
||